000 00967nam a22002057a 4500
001 57771
005 20260418165004.0
008 260309s2006 enka b 001 0 eng
020 _a9780195188332
040 _aBD-DhIUB
_cBD-DhIUB
_dBD-DhIUB
082 0 0 _a150.198
_222
_bP477p
100 1 _aPeterson, Christopher,
_d1950 February 18-
245 1 2 _aA primer in positive psychology /
_cChristopher Peterson
260 _aOxford ;
_aNew York :
_bOxford University Press,
_c2006.
300 _aviii, 386 p. :
_bill. ;
_c26 cm.
505 0 _aWhat is positive psychology? -- Learning about positive psychology: not a spectator sport -- Pleasure and positive experience -- Happiness -- Positive thinking -- Character strengths -- Values -- Interests, abilities, and accomplishments -- Wellness -- Positive interpersonal relationships -- Enabling institutions -- The future of positive psychology.
526 _aLIB
_lGEN
650 0 _aPositive psychology.
942 _2ddc
_cBK
999 _c57771
_d57945